00384cam a22001097a 4500008004000000082001300040245008900053260005700142300000900199650001800208700004800226180718b1975 xxu||||| |||| 00| 0 eng d aY26 N213 aThe energy crisis and new realitiescby National Bureau of Economic Research, U.S.A. aNew YorkbNational Bureau of Economic Researchc1975 a31p. aEnergy crisis aU.S.A. National Bureau of Economic Research